|
|
|
|
| LEADER |
01068nam a2200289 a 4500 |
| 001 |
000383372 |
| 003 |
CZ BrMZK |
| 005 |
19980115143423.0 |
| 008 |
980115s1998 xr f cze d |
| 015 |
|
|
|a cnb000607212
|
| 020 |
|
|
|a 80-7257-007-2
|
| 035 |
|
|
|a (OCoLC)84962064
|
| 040 |
|
|
|a BOA001
|b cze
|
| 080 |
|
|
|a 820(73)-312.4=850
|2 MRF
|
| 100 |
1 |
|
|a Block, Lawrence,
|d 1938-
|7 jn20001103602
|4 aut
|
| 245 |
1 |
0 |
|a Zabiják /
|c Lawrence Block ; [z angličtiny] přeložila Eva Poskočilová
|
| 250 |
|
|
|a 1. vyd. v čes. jaz.
|
| 260 |
|
|
|a [Praha] :
|b BB art,
|c 1998
|
| 300 |
|
|
|a 207 s. ;
|c 24 cm
|
| 500 |
|
|
|a Dostupné též v digitální podobě v aplikaci Kramerius
|
| 655 |
|
4 |
|a americké detektivní romány
|
| 700 |
1 |
|
|a Poskočilová, Eva
|7 jn20001227385
|4 trl
|
| 765 |
0 |
|
|t Hit man
|
| 856 |
4 |
1 |
|u http://www.digitalniknihovna.cz/mzk/uuid/uuid:3d651160-ff80-11e7-b1a1-005056827e52
|y Digitalizovaný dokument
|x NDK
|
| 910 |
|
|
|a BOA001
|b D-1053.756
|
| 990 |
|
|
|a BK
|
| 996 |
6 |
|
|b 2610083980
|c D-1053.756
|l MZK
|r Sklad / do 24 hodin
|n 0
|p p.v.
|w 000383372
|u 000010
|a 1
|e BOA001
|j MZK50
|s P
|